| 000 | 00504nam a2200157 a 4500 | ||
|---|---|---|---|
| 001 | 000034933 | ||
| 005 | 20200930074009.0 | ||
| 008 | 111021s1932 fr 000 0 spa d | ||
| 040 |
_aDO-SdBNP _bspa _cBNPHU |
||
| 082 |
_axxxx _bD869c |
||
| 100 | 1 |
_aDuhamel, Georges _d1884-1966 _940726 |
|
| 245 | 1 | 0 |
_aConfession de minuit. / _cGeorges Duhamel. |
| 260 |
_aParis, : _bMercvre de France, _c1932. |
||
| 300 |
_a254 p. ; _c19 cm. |
||
| 590 | _aPerteneció a la biblioteca personal de Juan Isidro Jimenes Grullón. | ||
| 999 |
_c34424 _d34424 |
||